00313 a2200109 4500001001000000005001700010008004100027245005700068100002000125773004100145999001700186ART_5280820260410161633.0260409a 10aEvaluación de programas de integridad (ley 27.401)1 aNigro, Jorge O.0 tEnfoquesg- N°6 (jun. 2021)wREV416 c12656d12656